Bilecik Bilecik Bilecik Bilecik Bilecik

Türkiye'de tarımsal kooperatiflerin toplumsal değişmeye etkileri : (Record no. 9814)

MARC details
000 -BAŞLIK
Sabit Uzunluktaki Kontrol Alanı 01664nam a22004337a 4500
001 - KONTROL NUMARASI
Control Dosyası 0009842
003 - KONTROL NUMARASI KİMLİĞİ
Kontrol Alanı KOHA_MİRAKIL
005 - EN SON İŞLEM TARİHİ ve ZAMANI
Kontrol Alanı 20260207001723.0
007 - FİZİKSEL TANIM SABİT ALAN - GENEL BİLGİ
Sabit uzunluklu kontrol alanı ta
008 - SABİT UZUNLUKTAKİ VERİ ÖGELERİ - GENEL BİLGİ
Sabit Alan 091027b1985 tu |||gr||||#||||0|tur |
020 ## - ISBN - ULUSLARARASI STANDART KİTAP NUMARASI
Kullanılabilirlik koşulları 0,01
040 ## - KATALOGLAMA KAYNAĞI
Özgün Kataloglama Kurumu TR-BiSEU
Kataloglama Dili tur
Çeviri Kurumu TR-BiSEU
Açıklama Kuralları rda
041 0# - DİL KODU
Metin ya da ses kaydının dil kodu tur
044 ## - YAYINLAYAN/ÜRETEN KURULUŞUN ÜLKE KODU
ISO country code tu
050 ## - SINIFLAMA ve YER NUMARASI
Sınıflama Numarası HD1491.T87
Yer Numarası U77 1985
100 1# - KİŞİ ADI
Yazar Adı (Kişi adı) Ürper, Yılmaz.
245 1# - ESER ADI BİLDİRİMİ
Başlık Türkiye'de tarımsal kooperatiflerin toplumsal değişmeye etkileri :
Alt Eseradı vb. (Eskişehir ili tarım kredi kooperatifleri üzerinde bir uygulama)/
Sorumluluk Bildirimi Yılmaz Ürper ; Yılmaz Ürper.
264 #1 - ÜRERİM, YAYIN, DAĞITIM ve TELİF BİLDİRİMİ
Yayın yeri Eskişehir :
Yayınlayan Anadolu Üniversitesi
Yayın tarihi 1985
300 ## - FİZİKSEL TANIMLAMA
Sayfa, Cilt vb. XVI, 109 sayfa; 24 cm.
336 ## - İÇERİK TÜRÜ
Content type term metin
Content type code txt
Source rdacontent
337 ## - MEDYA TÜRÜ
Media type term aracısız
Media type code n
Source rdamedia
338 ## - TAŞIYICI TÜRÜ
Carrier type term cilt
Carrier type code nc
Source rdacarrier
490 1# - DİZİ BİLDİRİMİ
Dizi Bildirimi Anadolu Üniversitesi yayınları ;
Cilt Numarası no.
490 1# - DİZİ BİLDİRİMİ
Dizi Bildirimi 94.
490 1# - DİZİ BİLDİRİMİ
Dizi Bildirimi İktisadi ve İdari Bilimler Fakültesi yayınları ;
Cilt Numarası no.
490 1# - DİZİ BİLDİRİMİ
Dizi Bildirimi 24
500 ## - GENEL NOT
Genel Not Kaynakça var.
650 #0 - KONU BAŞLIĞI EK GİRİŞ - KONU TERİMİ
Konusal terim veya coğrafi ad Tarım kooperatifleri--Sosyal yönler.
9 (RLIN) 24286
650 #0 - KONU BAŞLIĞI EK GİRİŞ - KONU TERİMİ
Konusal terim veya coğrafi ad Tarım kooperatifleri--Sosyal yönler--Türkiye.
9 (RLIN) 24287
650 #0 - KONU BAŞLIĞI EK GİRİŞ - KONU TERİMİ
Konusal terim veya coğrafi ad Tarım kredi kooperatifleri--Sosyal yönler--Türkiye--Eskişehir.
9 (RLIN) 24288
650 #0 - KONU BAŞLIĞI EK GİRİŞ - KONU TERİMİ
Konusal terim veya coğrafi ad Agricultural cooperatives--Social aspects.
9 (RLIN) 24289
650 #0 - KONU BAŞLIĞI EK GİRİŞ - KONU TERİMİ
Konusal terim veya coğrafi ad Agricultural cooperatives--Social aspects--Turkey.
9 (RLIN) 24290
650 #0 - KONU BAŞLIĞI EK GİRİŞ - KONU TERİMİ
Konusal terim veya coğrafi ad Agricultural credit cooperatives--Social aspects--Turkey--Eskişehir.
9 (RLIN) 24291
830 1# - SERİ EK GİRİŞİ - TEKBİÇİM ESER ADI
Tekbiçim Başlık Anadolu Üniversitesi yayınları ;
Volume number/sequential designation no.
9 (RLIN) 7107
830 1# - SERİ EK GİRİŞİ - TEKBİÇİM ESER ADI
Tekbiçim Başlık 94.
9 (RLIN) 12293
830 1# - SERİ EK GİRİŞİ - TEKBİÇİM ESER ADI
Tekbiçim Başlık İktisadi ve İdari Bilimler Fakültesi yayınları ;
Volume number/sequential designation no.
9 (RLIN) 10641
830 1# - SERİ EK GİRİŞİ - TEKBİÇİM ESER ADI
Tekbiçim Başlık 24
9 (RLIN) 7227
942 ## - EK GİRİŞ ÖGELERİ (KOHA)
Source of classification or shelving scheme Library of Congress Classification
Koha item type Book
Holdings
Materyal Türü Kalıcı Konum Mevcut Konum Raf Yeri Sınıflandırma Kaynağı Edinim Bilgisi Ana Konular Alt Konular Yer Numarası Demirbaş Numarası Fatura Tarihi Geri Çekilme Durumu Kayıp Durumu Hasarlı Durumu Kredi için değil Kayıt Tarih Toplam Ödünçverme Son Görülme Tarihi Son Kontrol Tarihi Genel / Bağış Notu
Book Prof. Dr. Azmi Özcan Kütüphanesi Prof. Dr. Azmi Özcan Kütüphanesi Uluğbey Salonu Library of Congress Classification Bağış SOSYAL BİLİMLER Endüstriler, Arazi Kullanımı, İşgücü HD1491.T87 U77 1985 0009842 13/08/2010         27/10/2009 3 05/12/2024 05/12/2024 Genel Bağış